[Event "EU School-ch U11"]
[Site "Budva"]
[Date "2017.06.18"]
[Round "8"]
[White "Silich, Yahor"]
[Black "Atovmian, Artem"]
[Result "1-0"]
[WhiteElo "1783"]
[BlackElo "1796"]
[PlyCount "71"]
[EventDate "2017.06.11"]
[EventType "swiss"]
[EventRounds "9"]
[EventCountry "MNE"]
[SourceTitle "EXT 2024"]
[Source "ChessBase"]
[SourceDate "2023.10.10"]
[SourceVersion "1"]
[SourceVersionDate "2023.10.10"]
[SourceQuality "1"]

1. e4 e6 2. d4 d5 3. exd5 exd5 4. Nf3 Nf6 5. Bd3 Be7 6. 0-0 0-0 7. h3 Re8 8. c4 c6 9. Nc3 Be6 10. Ng5 Qd7 11. Nxe6 fxe6 12. Bf4 Bd6 13. Bg5 Qf7 14. c5 Bc7 15. f4 b6 16. b4 a5 17. b5 Nfd7 18. bxc6 Nxc6 19. Qa4 Nxd4 20. c6 Nxc6 21. Qxc6 Nc5 22. Qb5 h6 23. Bh4 Bxf4 24. Bg3 Be3+ 25. Kh1 Qa7 26. Bg6 Rf8 27. Bd6 Rxf1+ 28. Rxf1 Qa6 29. Qb1 Bd4 30. Nb5 Bf6 31. Nc7 Qb7 32. Nxa8 Qxa8 33. Rxf6 gxf6 34. Bf7+ Kxf7 35. Qh7+ Ke8 36. Qe7# 1-0

[Event "Heraklion Gazi op 12th"]
[Site "Malevizi"]
[Date "2016.08.05"]
[Round "9"]
[White "Sourgkounis, Angelos"]
[Black "Atovmian, Artem"]
[Result "1/2-1/2"]
[WhiteElo "1926"]
[BlackElo "1743"]
[PlyCount "120"]
[EventDate "2016.07.28"]
[EventType "swiss"]
[EventRounds "9"]
[EventCountry "GRE"]
[SourceTitle "CBM 173 Extra"]
[Source "ChessBase"]
[SourceDate "2016.08.29"]
[SourceVersion "1"]
[SourceVersionDate "2016.08.29"]
[SourceQuality "1"]

1. c4 c6 2. Nf3 d5 3. cxd5 cxd5 4. g3 Nc6 5. Bg2 Bf5 6. 0-0 e6 7. d3 Nf6 8. a3 a5 9. Qa4 Qd7 10. Nc3 Bg6 11. b4 Bd6 12. b5 Ne5 13. Bb2 Nxf3+ 14. Bxf3 0-0 15. Rac1 Qe7 16. Rfd1 Rfd8 17. Qb3 Bh5 18. Nxd5 Nxd5 19. Bxh5 a4 20. Qa2 Ra5 21. e4 Nf6 22. Be2 Rxb5 23. Rc4 Nd7 24. d4 Nb6 25. Rc3 Ra5 26. Re3 Raa8 27. Rb1 Rac8 28. Bc3 Na8 29. Ba5 b6 30. Bb4 Bxb4 31. Rxb4 Qa7 32. Bb5 Qa5 33. Qb2 Nc7 34. Bxa4 Na6 35. Bc2 Nxb4 36. axb4 Qa7 37. Bb3 Qc7 38. Kg2 Qd6 39. d5 e5 40. h4 Kf8 41. Qe2 Rc7 42. Qh5 Kg8 43. Ba4 f6 44. Bc6 Qxb4 45. Qg4 Qd6 46. h5 Rxc6 47. dxc6 Qxc6 48. h6 g6 49. Qe2 Qe6 50. Qb5 Rb8 51. Rd3 Rf8 52. Rd5 g5 53. Qd3 Rf7 54. Rd6 Qe7 55. Qd5 Kh8 56. Rxb6 Qf8 57. Rd6 Qg8 58. Rd7 Rxd7 59. Qxd7 Qf8 60. Qh3 Kg8 1/2-1/2